| 000 | 00486nam a2200193Ia 4500 | ||
|---|---|---|---|
| 005 | 20250508161716.0 | ||
| 008 | 008 250505s9999 xx 000 0 eng d | ||
| 037 | _aTextual | ||
| 040 |
_aFEDL _beng _cFEDL |
||
| 041 |
_aeng _2eng |
||
| 084 |
_a610.73, LIP _qFEDL |
||
| 100 |
_aLippincott's _9771425 |
||
| 245 | 0 | _aQuick reference book for nurses | |
| 250 | _a8th | ||
| 260 | _c1962 | ||
| 300 | _a813p. | ||
| 942 |
_cTEXL _h610.73, LIP |
||
| 999 |
_c1371668 _d1371668 |
||